000 01001cam a22003131 4500
001 4543393
003 ARRUPE
005 20131001114116.0
008 710622s1968 enk b 000 0 eng
010 _a 68139742
015 _aB68-16184
020 _a0722005350
040 _aDLC
_cDLC
_dDLC
041 1 _aeng
_hger
050 0 0 _aBR115.H5
_bB283 1968
082 0 0 _a233
100 1 _aBalthasar, Hans Urs von,
_d1905-1988.
_91763
240 1 0 _aGanze im Fragment.
_lEnglish
245 1 0 _aMan in history:
_ba theological study;
_c[translated from the German by William Glen-Doepel].
260 _aLondon,
_aSydney,
_bSheed & Ward,
_c1968.
300 _ax, 341 p.
_c23 cm.
350 _a50/-
500 _aTranslation of Das Ganze im Fragment.
504 _aIncludes bibliographies.
650 0 _aHistory
_xReligious aspects
_xChristianity.
_91764
650 0 _aTheological anthropology
_xChristianity.
_91765
906 _a7
_bcbc
_corignew
_du
_encip
_f19
_gy-gencatlg
942 _2lcc
_cMONOGRAPH
999 _c118167
_d118167